[Event "Podgorica Buducnost op 1st"]
[Site "Podgorica"]
[Date "2015.03.17"]
[Round "2"]
[White "Pecurica, Milos"]
[Black "Luksic, Vladimir"]
[Result "1-0"]
[WhiteElo "2240"]
[BlackElo "2101"]
[PlyCount "105"]
[EventDate "2015.03.16"]
[EventType "swiss"]
[EventRounds "7"]
[EventCountry "MNE"]
[SourceTitle "EXT 2018"]
[Source "ChessBase"]
[SourceDate "2017.10.13"]
[SourceVersion "1"]
[SourceVersionDate "2017.10.13"]
[SourceQuality "1"]

1. d4 Nf6 2. c4 c5 3. d5 g6 4. Nc3 d6 5. e4 Bg7 6. h3 0-0 7. Nf3 e6 8. Bd3 exd5 9. exd5 Re8+ 10. Be3 Nbd7 11. 0-0 Ne5 12. Nxe5 Rxe5 13. Bf4 Re7 14. Qf3 Ne8 15. Rae1 a6 16. Bg5 f6 17. Bd2 Bd7 18. h4 f5 19. h5 Bf6 20. Qg3 Kf7 21. Ne2 gxh5 22. Qf3 Ng7 23. Ng3 Rxe1 24. Rxe1 Kg8 25. Nxh5 Nxh5 26. Qxh5 Qf8 27. Bxf5 Bxf5 28. Qxf5 Bd4 29. Qe6+ Kh8 30. Be3 Bxb2 31. Bh6 Qd8 32. Re4 b5 33. Rf4 Be5 34. Rf5 Bd4 35. Bg5 Qg8 36. Bf6+ Bxf6 37. Qxf6+ Qg7 38. Qxd6 bxc4 39. Qxc5 c3 40. Rf3 Rd8 41. Rxc3 Rxd5 42. Qxd5 Qxc3 43. Qa8+ Kg7 44. Qb7+ Kg8 45. Qb3+ Qxb3 46. axb3 Kf7 47. f4 h5 48. Kf2 Kf6 49. Ke3 Kf5 50. b4 Kf6 51. Ke4 Ke6 52. f5+ Kf6 53. Kf4 1-0

[Event "Cetinje Batricevic Memorial op"]
[Site "Cetinje"]
[Date "2009.08.09"]
[Round "1"]
[White "Luksic, Vladimir"]
[Black "Drasko, Milan"]
[Result "0-1"]
[WhiteElo "2143"]
[BlackElo "2527"]
[PlyCount "66"]
[EventDate "2009.08.09"]
[EventType "swiss"]
[EventRounds "9"]
[EventCountry "MNE"]
[SourceTitle "CBM 131 Extra"]
[Source "ChessBase"]
[SourceDate "2009.09.03"]
[SourceVersion "2"]
[SourceVersionDate "2009.09.16"]
[SourceQuality "1"]

1. d4 e6 2. Nf3 Nf6 3. Bg5 c5 4. e3 Be7 5. c3 b6 6. Bd3 Bb7 7. Nbd2 Nc6 8. 0-0 0-0 9. Ne5 Nd5 10. Nxc6 dxc6 11. Qh5 g6 12. Bxe7 Qxe7 13. Qh6 Rfd8 14. Rad1 cxd4 15. exd4 c5 16. Nf3 Nf6 17. Be2 cxd4 18. Nxd4 e5 19. Nc2 Nd5 20. Rfe1 Nf4 21. Bf1 Rxd1 22. Rxd1 Rd8 23. Re1 Qf6 24. Ne3 Bc8 25. f3 Be6 26. Bc4 Bxc4 27. Nxc4 Nd3 28. Re4 b5 29. Ne3 Nf4 30. g3 Nh5 31. f4 exf4 32. gxf4 Qb6 33. Kf1 Nf6 0-1

[Event "MNT-chT1"]
[Site "Podgorica"]
[Date "2008.10.12"]
[Round "5"]
[White "Luksic, Vladimir"]
[Black "Abramovic, Dragoljub"]
[Result "1/2-1/2"]
[WhiteElo "2171"]
[BlackElo "2161"]
[PlyCount "59"]
[EventDate "2008.09.07"]
[EventType "team-tourn"]
[EventRounds "9"]
[EventCountry "MNE"]
[SourceTitle "EXT 2010"]
[Source "ChessBase"]
[SourceDate "2010.11.25"]
[SourceVersion "1"]
[SourceVersionDate "2010.11.25"]
[SourceQuality "1"]

1. e4 e6 2. d4 d5 3. exd5 exd5 4. Qf3 Nc6 5. c3 Nf6 6. h3 h6 7. Bd3 Bd6 8. Ne2 Qe7 9. Be3 0-0 10. Nd2 Re8 11. 0-0-0 Bd7 12. Nf4 b5 13. Nxd5 Nxd5 14. Qxd5 Qf8 15. Qf3 Rab8 16. Ne4 b4 17. Bxh6 Re6 18. Be3 bxc3 19. bxc3 Ba3+ 20. Kd2 Rb2+ 21. Ke1 Ne7 22. Ng5 Rf6 23. Qh5 Rh6 24. Qf3 Rf6 25. Qh5 Rh6 26. Qf3 Bc6 27. Be4 Bb5 28. Bd3 Ba4 29. Ra1 Bc6 30. Be4 1/2-1/2

[Event "Senta op-B 12th"]
[Site "Senta"]
[Date "2008.07.19"]
[Round "3"]
[White "Agoston, Adam"]
[Black "Luksic, Vladimir"]
[Result "1/2-1/2"]
[WhiteElo "1852"]
[BlackElo "2171"]
[PlyCount "65"]
[EventDate "2008.07.18"]
[EventType "swiss"]
[EventRounds "9"]
[EventCountry "YUG"]
[SourceTitle "CBM 125 Extra"]
[Source "ChessBase"]
[SourceDate "2008.09.01"]
[SourceVersion "1"]
[SourceVersionDate "2008.09.01"]
[SourceQuality "1"]

1. e4 e6 2. d4 d5 3. exd5 exd5 4. Bd3 Bd6 5. Nf3 Bg4 6. Be3 Ne7 7. 0-0 Qd7 8. c3 Nbc6 9. Nbd2 0-0 10. Qc2 h6 11. Ne1 Rae8 12. f3 Bf5 13. Bf2 Bxd3 14. Qxd3 Qf5 15. Qxf5 Nxf5 16. Nd3 Re7 17. Nb3 b6 18. Rfe1 Rfe8 19. Re2 Rxe2 20. Re1 Rxe1+ 21. Nxe1 Kf8 22. Nd3 g5 23. g4 Ng7 24. h4 Ne6 25. Kg2 Ne7 26. Bg3 Bxg3 27. Kxg3 Ng6 28. hxg5 hxg5 29. Nbc1 Ngf4 30. b4 a6 31. Kf2 f6 32. Ke3 Ke7 33. Ne2 1/2-1/2

[Event "Senta op-B 12th"]
[Site "Senta"]
[Date "2008.07.18"]
[Round "1"]
[White "Molnar, Gabor1111"]
[Black "Luksic, Vladimir"]
[Result "1/2-1/2"]
[WhiteElo "1754"]
[BlackElo "2171"]
[PlyCount "90"]
[EventDate "2008.07.18"]
[EventType "swiss"]
[EventRounds "9"]
[EventCountry "YUG"]
[SourceTitle "CBM 125 Extra"]
[Source "ChessBase"]
[SourceDate "2008.09.01"]
[SourceVersion "1"]
[SourceVersionDate "2008.09.01"]
[SourceQuality "1"]

1. e4 e6 2. d4 c5 3. Nf3 cxd4 4. Nxd4 a6 5. Nc3 Qc7 6. Be3 b5 7. Bd3 Bb7 8. f3 Nf6 9. 0-0 d6 10. a4 b4 11. Nce2 Nbd7 12. c3 bxc3 13. Nxc3 Be7 14. Qd2 Rc8 15. Rfc1 Qb8 16. b4 0-0 17. b5 Nc5 18. bxa6 Nxa6 19. Rcb1 Nc5 20. a5 Qc7 21. Ndb5 Qd7 22. Bxc5 dxc5 23. Qe2 Ba6 24. Na4 Rfd8 25. Nb6 Qxd3 26. Qxd3 Rxd3 27. Nxc8 Bxc8 28. a6 Bxa6 29. Rxa6 g5 30. Rc1 g4 31. Ra3 Rd2 32. e5 Nd5 33. fxg4 Bg5 34. Re1 Nf4 35. h3 Nxg2 36. Rea1 f5 37. Nd6 Re2 38. Ra8+ Kg7 39. R8a3 Kg6 40. R1a2 Rxe5 41. Rc2 Bh4 42. Nb7 c4 43. Nd6 c3 44. Rcxc3 Ne3 45. Kh2 Nc2 1/2-1/2

[Event "MNT-chT1"]
[Site "Podgorica"]
[Date "2007.09.30"]
[Round "5"]
[White "Luksic, Vladimir"]
[Black "Batricevic, Sasa"]
[Result "1/2-1/2"]
[WhiteElo "2164"]
[BlackElo "2234"]
[PlyCount "25"]
[EventDate "2007.08.26"]
[EventType "team-tourn"]
[EventRounds "9"]
[EventCountry "MNE"]
[SourceTitle "EXT 2009"]
[Source "ChessBase"]
[SourceDate "2008.11.26"]
[SourceVersion "1"]
[SourceVersionDate "2008.11.26"]
[SourceQuality "1"]

1. e4 c5 2. Nf3 Nc6 3. d3 e5 4. g3 g6 5. Bg2 Bg7 6. 0-0 Nge7 7. Bg5 h6 8. Be3 d6 9. Qd2 Be6 10. c3 f5 11. Na3 Qd7 12. Nc2 Rd8 13. Nfe1 1/2-1/2

[Event "MNT-chT 2nd League"]
[Site "Podgorica"]
[Date "2006.09.03"]
[Round "1"]
[White "Luksic, Vladimir"]
[Black "Benderac, Srdjan"]
[Result "0-1"]
[WhiteElo "2139"]
[BlackElo "2320"]
[PlyCount "95"]
[EventDate "2006.09.03"]
[EventType "team-swiss"]
[EventRounds "7"]
[EventCountry "MNE"]
[SourceTitle "EXT 2023"]
[Source "ChessBase"]
[SourceDate "2022.10.05"]
[SourceVersion "1"]
[SourceVersionDate "2022.10.05"]
[SourceQuality "1"]

1. e4 c5 2. Nf3 d6 3. Bb5+ Bd7 4. Bxd7+ Nxd7 5. 0-0 Ngf6 6. Re1 e6 7. c3 Be7 8. d4 0-0 9. Nbd2 cxd4 10. cxd4 Rc8 11. Re3 Nb8 12. Nf1 Qc7 13. Ng3 Qc2 14. Qe1 Rc7 15. Re2 Qd3 16. Bg5 Rfc8 17. Rd1 Qa6 18. a3 h6 19. Bxf6 Bxf6 20. h3 Rc2 21. Rxc2 Rxc2 22. Rc1 Rxc1 23. Qxc1 Qc6 24. Qd2 Nd7 25. Kh2 a6 26. Qd3 g6 27. Qe3 Bg7 28. Qd3 Nb6 29. b3 d5 30. e5 Bf8 31. a4 Qc1 32. Ne2 Qf1 33. Nf4 Qxd3 34. Nxd3 Nd7 35. Kg3 a5 36. Kf4 Be7 37. Ke3 Kf8 38. Kd2 Ke8 39. Kc2 Kd8 40. g4 g5 41. Kc3 Kc7 42. Kc2 Kc6 43. Kc3 b5 44. axb5+ Kxb5 45. Kc2 Bd8 46. Kc3 Nb8 47. Kc2 Nc6 48. Kc3 0-1

[Event "MNT op 5th"]
[Site "Sozina"]
[Date "2004.02.18"]
[Round "1"]
[White "Ardelean, George Catalin"]
[Black "Luksic, Vladimir"]
[Result "1-0"]
[WhiteElo "2447"]
[BlackElo "2175"]
[PlyCount "65"]
[EventDate "2004.02.18"]
[EventType "swiss"]
[EventRounds "9"]
[EventCountry "MNE"]
[SourceTitle "CBM 098 Extra"]
[Source "ChessBase"]
[SourceDate "2004.03.10"]
[SourceVersion "2"]
[SourceVersionDate "2004.03.10"]
[SourceQuality "1"]

1. e4 e6 2. Nf3 c5 3. d4 cxd4 4. Nxd4 a6 5. Nc3 Qc7 6. Bd3 d6 7. f4 Nd7 8. Qf3 Ne7 9. Be3 b5 10. a3 Nc6 11. 0-0 Bb7 12. Qg3 g6 13. Rad1 Be7 14. Nce2 d5 15. exd5 exd5 16. Nxc6 Bxc6 17. Bd4 0-0 18. Kh1 Bf6 19. Bxf6 Nxf6 20. Qh4 Kg7 21. f5 Rae8 22. Nd4 Bb7 23. Rf3 Qe5 24. Rdf1 Bc8 25. c3 Bd7 26. g4 h5 27. gxh5 gxh5 28. Rg3+ Kh7 29. Rg5 Kh6 30. Nf3 Qe3 31. Rg3 Nh7 32. Rfg1 Qxd3 33. Qxh5+ 1-0